000 00410nam a2200157Ia 4500
008 151213s9999 xx 000 0 und d
100 _aR.J.Senehik
245 _aPrinciples of Marketing :A Global Perspective
_cR.J.Senehik
250 _a2nd
260 _aOhio
_bSouth Western Collage
_c1995
300 _a2654 p.
650 _aMarketing
650 _aMarketing
700 _aR.J.Senehik
999 _c1766
_d1766